| 000 | 00976nam a2200265 i 4500 | ||
|---|---|---|---|
| 001 | 15910 | ||
| 003 | ES-MaACL | ||
| 005 | 20230906151206.0 | ||
| 007 | t| | ||
| 008 | 000519s1999 sp ||||1| spa d | ||
| 020 | _a84-259-1097-8 | ||
| 080 | _a342.4(460) | ||
| 100 | 1 |
_aAlonso Mas, María José. _920359 |
|
| 245 | 1 | 3 |
_aLa fiscalización jurisdiccional de la actividad sin valor de ley de los parlamentos / _cMª José Alonso Mas ; prólogo de José Mª Baño León. |
| 260 |
_aMadrid : _bCentro de Estudios Políticos y Constitucionales, _c1999. |
||
| 300 |
_a574 p. ; _c21 cm. |
||
| 490 | 1 | _aEstudios constitucionales | |
| 504 | _aBibliografía : p. 559-574. | ||
| 650 | 1 | 4 |
_aDerecho parlamentario- _zEspaña. _911748 |
| 700 | 1 |
_aBaño León, José María. _925232 |
|
| 710 | 2 |
_aCentro de Estudios Políticos y Constitucionales (España) _92666 |
|
| 830 | 0 |
_aEstudios constitucionales _9180617 |
|
| 852 |
_aES-MaACL _jL-22883 _bR.128319 |
||
| 999 |
_c15910 _d15910 |
||